| 000 | 00743nam a2200193Ia 4500 | ||
|---|---|---|---|
| 003 | GCL | ||
| 008 | 140319s9999 xx 000 0 ara d | ||
| 040 |
_aGCL / _cGCL |
||
| 082 | 0 | 4 |
_aم _b235 _bاا |
| 100 | 1 | _aابن ماجة : ابوعبدالله محمد بن يزيد الربعى القزوينى | |
| 245 | 1 | 0 |
_aالكتب السنة وشرحها: سنن ابن ماجة / _cابن ماجة : ابوعبدالله محمد بن يزيد الربعى القزوينى |
| 260 |
_a[S.N] : _bدار سجنون ، _c1992 |
||
| 300 | _aمتعدد | ||
| 490 |
_aموسوعة العامرى للالكترونيات _v0 |
||
| 650 | 0 | 4 | _aالحديث |
| 650 | 0 | 4 | _aشرح الحديث |
| 650 | 0 | 4 | _aسنن ابن ماجة |
| 942 |
_2ddc _cREF |
||
| 999 |
_c59235 _d59235 |
||